Documentos lingüísticos de España. (Record no. 102284)

MARC details
000 -LEADER
campo de control de longitud fija 00953nam a2200241 i 4500
001 - NÚMERO DE CONTROL
campo de control 102284
003 - IDENTIFICADOR DE NÚMERO DE CONTROL
campo de control ES-MaACL
005 - FECHA Y HORA DE LA ÚLTIMA TRANSACCIÓN
campo de control 20231227062633.0
007 - CAMPO FIJO DE DESCRIPCIÓN FÍSICA--INFORMACIÓN GENERAL
campo de control de longitud fija t|
008 - DATOS DE LONGITUD FIJA--INFORMACIÓN GENERAL
campo de control de longitud fija 051108r1966 ag ||||1| spa d
245 00 - MENCIÓN DEL TÍTULO
Título Documentos lingüísticos de España.
Número de parte o sección de la obra I,
Nombre de parte o sección de la obra Reino de Castilla /
Mención de responsabilidad, etc. Ramón Menéndez Pidal.
250 ## - MENCION DE EDICION
Mención de edición Reimp. en offset de la 1ª ed.
260 ## - PUBLICACIÓN, DISTRIBUCIÓN, ETC.
Lugar de publicación, distribución, etc. Madrid :
Nombre del editor, distribuidor, etc. Consejo Superior de Investigaciones Científicas, Patronato "Menéndez y Pelayo", Instituto Miguel de Cervantes,
Fecha de publicación, distribución, etc. 1966.
300 ## - DESCRIPCIÓN FÍSICA
Extensión X, 503 p. ;
Dimensiones 25 cm.
490 1# - MENCIÓN DE SERIE
Mención de serie Anejos de "Revista de filología española" ;
Designación de volumen o secuencia 54
650 #4 - PUNTO DE ACCESO ADICIONAL DE MATERIA--TÉRMINO DE MATERIA
Término de materia o nombre geográfico como elemento de entrada Lengua española-
Subdivisión cronológica Hasta S.XV-
Subdivisión de forma Textos.
9 (RLIN) 149853
700 1# - ENTRADA AGREGADA--NOMBRE PERSONAL
Nombre de persona Menéndez Pidal, Ramón,
Fechas asociadas al nombre 1869-1968
9 (RLIN) 80315
710 2# - ENTRADA AGREGADA--NOMBRE DE ENTIDAD CORPORATIVA
Nombre de entidad corporativa o nombre de jurisdicción como elemento de entrada Instituto "Miguel de Cervantes"
9 (RLIN) 5133
830 0# - PUNTO DE ACCESO ADICIONAL DE SERIE-TÍTULO UNIFORME
Título uniforme Anejos de "Revista de filología española" ;
Designación de volumen o secuencia 54
9 (RLIN) 191176
852 ## - LOCALIZACIÓN
Ubicación ES-MaACL
Número de control de estantería P-1140
852 ## - LOCALIZACIÓN
Ubicación ES-MaACL
Número de control de estantería E-15401
Holdings
Estatus retirado Estado de pérdida Estado de daño No para préstamo Biblioteca de origen Biblioteca actual Ubicación en estantería Fecha de adquisición Fuente de adquisición Total de préstamos Signatura topográfica completa Código de barras Visto por última vez Precio de reemplazo Tipo de ítem Koha
        Biblioteca del Ateneo de Madrid Biblioteca del Ateneo de Madrid Depósito 2 20/04/2012     E-15401 1189267 23/02/2023 23/02/2023 Libro impreso
        Biblioteca del Ateneo de Madrid Biblioteca del Ateneo de Madrid Depósito 2 17/01/2008     P-1140 1106770 23/02/2023 23/02/2023 Libro impreso